Statistiques concernant Tous les joueurs de l’AS Monaco depuis 2010

Cliquez ici pour prendre le quiz!

Statistiques générales

  • Ce quiz a été pris 58 fois
    (4 depuis la dernière actualisation)
  • Le résultat moyen est 71 sur 214

Statistiques - réponses

PosteNationalitéSaison(s)Réponse% Correct
MilieuMali2015-2020Adama Traoré
100%
MilieuBurkina Faso2014-2015Alain Traoré
100%
GardienAllemagne2021-2023Alexander Nübel
100%
DéfenseurItalie2012-2019Andrea Raggi
100%
AttaquantFrance2013-2015Anthony Martial
100%
DéfenseurAllemagne2018-2021Benjamin Henrichs
100%
GardienFrance2019-2023Benjamin Lecomte
100%
DéfenseurFrance2016-2017Benjamin Mendy
100%
DéfenseurFrance2018-2023Benoit Badiashile
100%
AttaquantSuisse2022-Breel Embolo
100%
DéfenseurBrésil2020-Caio Henrique
100%
GardienCroatie2012-2020Danijel Subašić
100%
AttaquantBulgarie2014-2015Dimitar Berbatov
100%
DéfenseurFrance2016-2022Djibril Sidibé
100%
DéfenseurMali2009-2011Djimi Traoré
100%
MilieuPortugal2019-Gelson Martins
100%
MilieuCentrafrique2013-2015Geoffrey Kondogbia
100%
DéfenseurChili2019-Guillermo Maripan
100%
MilieuColombie2013-2014James Rodriguez
100%
DéfenseurBrésil2016-2020Jemerson
100%
MilieuPortugal2013-2018João Moutinho
100%
DéfenseurPologne2016-2020Kamil Glik
100%
MilieuSénégal2021-Krépin Diatta
100%
AttaquantFrance2015-2018Kylian Mbappé
100%
AttaquantCôte d’Ivoire2014-2018Lacina Traoré
100%
DéfenseurFrance2010-2015Layvin Kurzawa
100%
GardienFrance2016-2021Loïc Badiashile
100%
MilieuSénégal2010-2013Nampalys Mendy
100%
AttaquantGabon2010-2011Pierre-Emerick Aubameyang
100%
AttaquantColombie2013-2019Radamel Falcao
100%
MilieuPortugal2015-2019Rony Lopes
100%
MilieuFrance2015-2018Thomas Lemar
100%
MilieuFrance2014-2017Tiémoué Bakayoko
100%
AttaquantFrance2011-2017Valère Germain
100%
AttaquantFrance2019-Wissam Ben Yedder
100%
MilieuBelgique2012-2015Yannick Carrasco
100%
MilieuFrance2020-Youssouf Fofana
100%
DéfenseurSénégal2014-2017Abdou Diallo
67%
AttaquantMauritanie2014-2015Aboubakar Kamara
67%
MilieuPortugal2019-2020Adrien Silva
67%
DéfenseurMali2015-2019Almamy Touré
67%
DéfenseurFrance2020-2023Axel Disasi
67%
DéfenseurTunisie2013-2014Aymen Abdennour
67%
MilieuPortugal2014-2017Bernardo Silva
67%
DéfenseurEspagne2013-2016Borja Lopez
67%
MilieuEspagne2019-2022Cesc Fàbregas
67%
Milieu/attaquantFrance2022-Eliesse Ben Seghir
67%
AttaquantFrance2013-2014Emmanuel Rivière
67%
MilieuBrésil2015-2018Fabinho
67%
DéfenseurSénégal2019-2021Fodé Ballo-Touré
67%
AttaquantÉtats-Unis2023-Folarin Balogun
67%
AttaquantArgentine2015-2018Guido Carillo
67%
AttaquantSénégal2012-2013Ibrahima Touré
67%
MilieuSénégal2021-Ismail Jakobs
67%
MilieuPortugal2015-2016Ivan Cavaleiro
67%
MilieuFrance2013-2016Jérémy Toulalan
67%
AttaquantAllemagne2020-2023Kevin Volland
67%
MilieuArgentine2012-2015Lucas Ocampos
67%
Milieu/attaquantFrance1998-2004
2011-2012
Ludovic Giuly
67%
AttaquantBrésil2014-2015Matheus Carvalho
67%
MilieuMali2022-Mohamed Camara
67%
AttaquantPays-Bas2021-Myron Boadu
67%
MilieuMaroc2012-2017Nabil Dirar
67%
MilieuAlgérie2017-2018Rachid Ghezzal
67%
DéfenseurPortugal2013-2016Ricardo Carvalho
67%
GardienArgentine2013-2014Sergio Romero
67%
MilieuMaroc2018-2022Sofiane Diop
67%
MilieuItalie2015-2016Stephan El Shaarawy
67%
GardienFrance2005-2011Stéphane Ruffier
67%
MilieuJapon2022-Takumi Minamino
67%
DéfenseurCôte d’Ivoire2023-Wilfried Singo
67%
MilieuBelgique2017-2019Youri Tielemans
67%
MilieuFrance2017-2018Adama Diakhaby
33%
DéfenseurFrance2019-2023Arthur Zagré
33%
MilieuFrance2020-2022Aurélien Tchouaméni
33%
MilieuSuisse2023-Denis Zakaria
33%
GardienSuisse2017-2020Diego Benaglio
33%
AttaquantCameroun2011-2016Edgar Salli
33%
MilieuBelgique2020-Eliot Matazo
33%
DéfenseurFrance2013-2014Éric Abidal
33%
MilieuCameroun2018-2019Georges-Kévin Nkoudou
33%
AttaquantAlgérie2019-2020Islam Slimani
33%
MilieuBrésil2021-2023Jean Lucas
33%
DéfenseurBrésil2017-2021Jorge
33%
GardienPays Bas2014-2015Maarten Stekelenburg
33%
MilieuFrance2021-Maghnes Akliouche
33%
DéfenseurFrance2022-2023Malang Sarr
33%
MilieuCroatie2015-2016Mario Pašalić
33%
DéfenseurGhana2023-Mohammed Salisu
33%
MilieuMaroc2013-2015Mounir Obbadi
33%
MilieuBelgique2018-2020Nacer Chadli
33%
DéfenseurCameroun2008-2011Nicolas Nkoulou
33%
GardienSuisse2023-Philipp Köhn
33%
AttaquantItalie2018-2022Pietro Pellegri
33%
GardienPologne2020-Radosław Majecki
33%
DéfenseurFrance2019-2023Ruben Aguilar
33%
AttaquantMonténégro2017-2021Stevan Jovetic
33%
DéfenseurPays Bas2017-2018Terence Kongolo
33%
AttaquantBrésil2015-2016Vagner Love
33%
Milieu/défenseurBrésil2022-Vanderson
33%
DéfenseurBrésil2014-2016Wallace
33%
MilieuFrance2018-2019William Vainqueur
33%
AttaquantFrance2018-2023Williem Geubbels
33%
AttaquantFrance2018-2022Wilson Isidor
33%
MilieuComores2011-2014Aadil Assana
0%
DéfenseurBrésil2007-2013Adriano
0%
MilieuArgentine2008-2011Alejandro Alonso
0%
MilieuRussie2018-Aleksandr Golovine
0%
MilieuGrèce2012-2013Aléxandros Tziólis
0%
MilieuFrance2015-2017Allan Saint-Maximin
0%
DéfenseurAllemagne2012-2014Andreas Wolf
0%
AttaquantPays-Bas2020-2023Anthony Musaba
0%
DéfenseurItalie2018-2022Antonio Barreca
0%
AttaquantCameroun2010-2011Benjamin Moukandjo
0%
DéfenseurAlgérie2013-2014Carl Medjani
0%
Milieu/attaquantBrésil2018-2019Carlos Vinicius
0%
DéfenseurRDC2007-2011Cédric Mongongu
0%
DéfenseurFrance2020-Chrislain Matsima
0%
MilieuCongo2010-2013Chris Malonga
0%
AttaquantFrance2015-2017Corentin Jean
0%
AttaquantRoumanie2010-2012Daniel Nicluae
0%
MilieuCongo2012-2016Delvin Ndinga
0%
DéfenseurFrance2011-2013Dennis Appiah
0%
AttaquantRDC2010-2011Dieumerci Mbokani
0%
DéfenseurNigeria2014-2018Elderson Echiéjilé
0%
MilieuSuède2012-2013Emir Bajrami
0%
MilieuFrance2020-2021Enzo Millot
0%
MilieuFrance2015-2017Farès Bahlouli
0%
MilieuFrance2021-Félix Lemaréchal
0%
GardienItalie2001-2009
2012-2014
Flavio Roma
0%
MilieuPortugal2020-2021Florentino Luís
0%
DéfenseurFrance2011-2013Florian Pinteaux
0%
MilieuGabon2010-2011Frédéric Bulot
0%
MilieuCentrafrique2006-2013Frédéric Nimani
0%
MilieuBrésil2015-2020Gabriel Boschilia
0%
MilieuFrance2011-2014Gary Coulibaly
0%
DéfenseurUruguay2012-2014Gary Kagelmacher
0%
AttaquantHonduras2010-2011Georgie Welcome
0%
AttaquantPortugal2014-2021Gil Diaz
0%
DéfenseurFrance2018-2021Giulian Biancone
0%
AttaquantFrance2018-2021Gobe Gouano
0%
MilieuFrance1999-2005
2010-2011
Gregory Lacombe
0%
MilieuFrance2018-2019Han-Noah Massengo
0%
MilieuAngola2015-2016Hélder Costa
0%
MilieuNigeria2019-2021Henry Onyekuru
0%
DéfenseurCôte d’Ivoire2009-2011Igor Lolo
0%
AttaquantAlgérie2016-2018Ilyes Chaïbi
0%
MilieuCôte d’Ivoire2011-2012Isaac Koné
0%
MilieuDanemark2012-2014Jakob Poulsen
0%
MilieuCôte d’Ivoire2018-2022Jean-Eudes Aholou
0%
MilieuCôte d’Ivoire2008-2011Jean-Jacques Gosso
0%
AttaquantFrance2019-2020Jean-Kévin Augustin
0%
DéfenseurFrance2011-2014Jérémy Labor
0%
DéfenseurFrance2012-2014Jérôme Phojo
0%
MilieuFrance2013-2016Jessy Pi
0%
GardienFrance2011-2012Johann Carrasso
0%
DéfenseurAngleterre2018-2020Jonathan Panzo
0%
AttaquantEspagne2018-2020Jordi Mboula
0%
DéfenseurFrance2018-2021Julien Serrano
0%
DéfenseurFrance2023-Kassoum Ouattara
0%
MilieuSénégal2017-2021Keita Baldé
0%
MilieuFrance2008-2012Kevin Diaz
0%
DéfenseurFrance2010-2012Kévin Malcuit
0%
MilieuFrance2016-2020Kévin N’Doram
0%
MilieuFrance2018-2019Khéphren Thuram
0%
DéfenseurCôte d’Ivoire2016-2017Kouadio-Yves Dabila
0%
DéfenseurFrance2010-2011Laurent Bonnart
0%
MilieuNigeria2009-2011Lukman Haruna
0%
AttaquantAfrique du Sud2019-2020Lyle Foster
0%
MilieuMali2010-2011Mahamadou Diarra
0%
AttaquantTahiti2011-2012Marama Vahirua
0%
DéfenseurRDC2013-2016Marcel Tisserand
0%
GardienFrance2011-2016Martin Sourzac
0%
MilieuFrance2009-2011Mathieu Coutadeur
0%
GardienItalie2016-2017Morgan De Sanctis
0%
MilieuFrance2017-2020Moussa Sylla
0%
AttaquantPays-Bas2012-2014Nacer Barazite
0%
DéfenseurBrésil2019-2020Naldo
0%
DéfenseurFrance2013-2015Nicolas Isimat-Mirin
0%
AttaquantCorée du sud2008-2011Park Chu-young
0%
MilieuGuinée2010-2011Pascal Feindouno
0%
GardienFrance2015-2019Paul Nardi
0%
MilieuGuinée-Bissau2018-2023Pelé
0%
DéfenseurSuède2010-2012Petter Hansson
0%
MilieuEspagne2018-2019Robert Navarro
0%
MilieuFrance2018-2020Romain Faivre
0%
DéfenseurFrance2018-2019Ronaël Pierre-Gabriel
0%
DéfenseurComores2017-2018Safwan Mbaé
0%
MilieuMali2011-2012Sambou Yatabaré
0%
AttaquantFrance2018-2021Samuel Grandsir
0%
AttaquantUruguay2012-2013Sebastian Ribas
0%
GardienFrance2010-2014Sébastien Chabbert
0%
DéfenseurFrance2009-2011Sébastien Puygrenier
0%
AttaquantTogo2005-2011Serge Gakpé
0%
GardienSénégal2014-2020Seydou Sy
0%
MilieuFrance2017-2018Soualiho Meïté
0%
MilieuFrance2022-Soungoutou Magassa
0%
MilieuFrance2011-2013Stéphane Dumont
0%
DéfenseurSerbie2020-2022Strahinja Pavlović
0%
AttaquantFrance2010-2013Terence Makengo
0%
DéfenseurAllemagne2024-Thilo Kehrer
0%
GardienFrance2022-2023Thomas Didillon
0%
MilieuFrance2005-2012Thomas Mangani
0%
DéfenseurPortugal2020-Tiago Ribeiro
0%
MilieuFrance2008-2014Tristan Dingomé
0%
MilieuFrance2016-2017Tristan Muyumba
0%
MilieuFrance2011-2012Valentin Eysseric
0%
DéfenseurFrance2007-2012Vincent Muratori
0%
GardienItalie2020-2022Vito Mannone
0%
MilieuHongrie2011-2012Vladimir Koman
0%
AttaquantCôte d’Ivoire2008-2010Yannick Sagbo
0%
DéfenseurGrèce2011-2013Yióryos Tzavéllas
0%
AttaquantFrance2008-2011Yohan Mollo
0%
MilieuMaroc2016-2021Youssef Aït Bennasser
0%

Distribution des résultats

Percentile par nombre de réponses

% des personnes avec chaque résultat

Votre développement - résultats

Vous n’avez pas pris ce quiz depuis la dernière actualisation